000 00502ncm a2200205 a 4500
001 5620426
005 20180315054020.0
008 920616s1991 iaustz h n
010 _a 90055467
020 _a069705845X
040 _aDLC
_cDLC
_dDLC
041 _aeng
080 _a78 BEN
082 _a78 BEN
100 1 _a45
101 _aMUZ
245 1 0 _aSightsinging complete /
_cBruce Benward, Maureen A. Carr.
906 _a7
_bcbc
_corignew
_d3
_encip
_f19
_gy-genmusic
942 _2ddc
_cBK
999 _c45103
_d45103